000 00560nam a2200229Ia 4500
003 OSt
005 20221005114432.0
006 a|||||r|||| 00| 0
007 ta
008 221004b |||||||| |||| 00| 0 eng d
024 _a62703
037 _cTextual
040 _aCRL
_cCRL
_beng
041 _2eng
_aeng
082 _aS:86, K8
100 _aGathercole C E
_9625967
245 0 _aAssessment in clinical psychology
260 _c1968
650 _aPSYCHOLOGY
942 _hS:86, K8
_cTEXL
_2cc
999 _c1031338
_d1031338